00383nam a2200157Ia 4500008004100000020001800041082001300059100001300072245003000085250000800115260003200123300001200155500002500167650001800192700001500210230524s9999 xx 000 0 und d a9788189897128 a628bDAS aU.N.Dash 0aEnvironmental Engineering aIST aNEW DELHIbIndia Techc2009 aXIX;357 aQuantity Number: 70 aEnvironmental a C.R.Panda